00557cam a2200193 a 450000100100000000500170001000800410002704000250006804100130009308200170010610000300012324000240015324500610017726000300023830000210026865000210028965000250031070000280033500000437220200929151431.0830303s1949 mx 000 f spa  aDO-SdBNPbspacBNPHU17aspaheng a891.62bU39J1 aJoyce, James,d1882-1941.10aUlysses.lEspañol10aUlises / :bJames Joyce ; tradución, J. Salas Subirat. aMéxico :bDiana,c1949. a833 p. ;c20 cm. 4aNovela irlandesa 4aLiteratura irlandesa1 aSalas Subirat, J.,etr.